"Touch Lock"; Архитекторы будущего

গ্রন্থ-পঞ্জীর বিবরন
Parent link:Архитекторы будущего.— 2014.— [С. 23-25]
সংস্থা লেখক: Национальный исследовательский Томский политехнический университет (ТПУ)
অন্যান্য লেখক: Курилова А. Д., Новицкий Д. Е., Малюгин А. В., Кольцов К. Г., Горбачев В. А., Газизов А. Т.
সংক্ষিপ্ত:Заглавие с титульного экрана
ভাষা:রুশ
প্রকাশিত: 2014
বিষয়গুলি:
অনলাইন ব্যবহার করুন:http://earchive.tpu.ru/handle/11683/21824
বিন্যাস: বৈদ্যুতিক গ্রন্থের অধ্যায়
KOHA link:https://koha.lib.tpu.ru/cgi-bin/koha/opac-detail.pl?biblionumber=617801

MARC

LEADER 00000naa2a2200000 4500
001 617801
005 20231101132958.0
035 |a (RuTPU)RU\TPU\conf\16143 
035 |a RU\TPU\conf\16135 
090 |a 617801 
100 |a 20160418d2014 k y0rusy50 ba 
101 0 |a rus  |e eng 
102 |a RU 
105 |a y z 101zy 
135 |a drgn ---uucaa 
181 0 |a i  
182 0 |a b 
200 1 |a "Touch Lock"  |f А. Д. Курилова, Д. Е. Новицкий, А. В. Малюгин [и др.] 
203 |a Текст  |c электронный 
230 |a 1 компьютерный файл (pdf; 274 Кб) 
300 |a Заглавие с титульного экрана 
320 |a [Библиогр.: с. 25 (3 назв.)] 
337 |a Adobe Reader 
463 0 |0 (RuTPU)RU\TPU\conf\12711  |t Архитекторы будущего  |o сборник научных трудов Всероссийской научной школы по инженерному изобретательству, проектированию и разработке инноваций, 14-16 ноября 2014 г., г. Томск  |f Национальный исследовательский Томский политехнический университет (ТПУ)   |v [С. 23-25]  |d 2014 
610 1 |a труды учёных ТПУ 
610 1 |a электронный ресурс 
610 1 |a блокировки 
610 1 |a блокирующие устройства 
610 1 |a замки 
610 1 |a биометрические методы 
610 1 |a идентификация 
610 1 |a биометрия 
610 1 |a Touch Lock 
701 1 |a Курилова  |b А. Д. 
701 1 |a Новицкий  |b Д. Е. 
701 1 |a Малюгин  |b А. В. 
701 1 |a Кольцов  |b К. Г. 
701 1 |a Горбачев  |b В. А. 
701 1 |a Газизов  |b А. Т. 
712 0 2 |a Национальный исследовательский Томский политехнический университет (ТПУ)  |c (2009- )  |2 stltpush  |3 (RuTPU)RU\TPU\col\15902 
801 2 |a RU  |b 63413507  |c 20220309  |g RCR 
856 4 |u http://earchive.tpu.ru/handle/11683/21824 
942 |c BK